LEADER 01265nam0-2200397---450 001 990008868730403321 005 20190320112534.0 010 $a978-88-95004-07-5 035 $a000886873 035 $aFED01000886873 035 $a(Aleph)000886873FED01 035 $a000886873 100 $a20090624d2007----km-y0itay50------ba 101 0 $aita 102 $aIT 105 $ay-------001cy 200 1 $aDalla periferia del welfare al centro della solidarietà$euno studio di caso: l'Associazione A.Vo.G. a Scampia$fFabio Corbisiero, Elisabetta Perone$gprefazione di Enrica Morlicchio 210 $aNapoli$cGesco$d2007 215 $a193 p.$ctab., graf.$d24 cm 225 1 $aAgendo book$iRicerca 610 0 $aStato sociale$aItalia$aNapoli 676 $a361.65045731$v22$zita 700 1$aCorbisiero,$bFabio$0290330 701 1$aPerone,$bElisabetta$0302588 702 1$aMorlicchio,$bEnrica 801 0$aIT$bUNINA$gREICAT$2UNIMARC 901 $aBK 912 $a990008868730403321 952 $a361.65 COR 2$b4092$fBFS 952 $aB-XI-86$b14887$fDDRC 952 $aUCONC 37$b125/2019$fFSPBC 959 $aBFS 959 $aDDRC 959 $aFSPBC 996 $aDalla periferia del welfare al centro della solidarietà$9803614 997 $aUNINA LEADER 01137nam 2200325Ia 450 001 996386309303316 005 20221108095524.0 035 $a(CKB)4940000000077430 035 $a(EEBO)2240969733 035 $a(OCoLC)12487764 035 $a(EXLCZ)994940000000077430 100 $a19850904d1642 uy | 101 0 $aeng 135 $aurbn||||a|bb| 200 10$aCalebs integrity in following the Lord fully$b[electronic resource] $ein a sermon preached at St. Margarets Westminster before the honourable House of Commons at their late solemne and publick fast, November 30th, 1642 /$fby Richard Vines .. 210 $aLondon $cPrinted by G. M. for Abel Roper ...$d1642 215 $a[6], 37 p 300 $aReproduction of original in Thomason Collection, British Library. 330 $aeebo-0158 606 $aFast-day sermons 615 0$aFast-day sermons. 700 $aVines$b Richard$f1600?-1656.$01001686 801 0$bEAA 801 1$bEAA 801 2$bm/c 801 2$bWaOLN 906 $aBOOK 912 $a996386309303316 996 $aCalebs integrity in following the Lord fully$92325271 997 $aUNISA LEADER 01212nam a2200313 i 4500 001 991001683779707536 005 20020507150519.0 008 000124s1995 it ||| | ita 020 $a8814054703 035 $ab11548952-39ule_inst 035 $aLE02723162$9ExL 040 $aDip.to Studi Giuridici$bita 082 0 $a344.4501761381 084 $aCM-XXII/A 100 1 $aDammacco, Salvatore$0117177 245 10$aAgenti e rappresentanti di commercio :$baspetti civilistici, contrattuali, amministrativi, previdenziali, contabili e fiscali; formulario, esemplificazioni /$cSalvatore Dammacco 250 $a2. ed. 260 $aMilano :$bA. Giuffrè,$c1995 300 $aviii, 401 p. ;$c24 cm. 490 0 $aCosa & come. Professioni 500 $aSegue: Appendice 650 4$aAgenti di commercio$xGuide pratiche 650 4$aRappresentanti di commercio$xGuide pratiche 907 $a.b11548952$b01-03-17$c02-07-02 912 $a991001683779707536 945 $aLE027 CM-XXII/A 1$g1$iLE027CL-1845$lle027$o-$pE0.00$q-$rl$s- $t0$u0$v0$w0$x0$y.i11748370$z02-07-02 996 $aAgenti e rappresentanti di commercio$9656059 997 $aUNISALENTO 998 $ale027$b01-01-00$cm$da $e-$fita$git $h0$i1